000 00768nam a22002297a 4500
005 20251108163340.0
008 250721s2009 xx 000 0 ara d
082 1 4 _a658.0285/حما
100 1 _aالحمامي، علاء حسين
_eمؤلف
245 1 0 _aمفاهيم و معماريات و بناء و تنفيذ مناجم البيانات /
246 1 1 _aDATA WAREHOUSES
264 1 _aعمان :
_bدار إثراء للنشر و التوزيع،
_c2009.
300 _a384 ص.
650 1 7 _aاداره الاعمال
650 1 7 _aاداره المشاريع
650 1 7 _aبرامج الحاسوب
650 1 7 _aالبيانات
650 1 7 _aتداول البيانات
650 1 7 _aاداره المعلومات
942 _2ddc
_cBK
999 _c411
_d411